000
00220 a2200097 4500
001
27548
100
_a
Jardine, A
245
_a
PL/1 programmer's reference guide
260
_a
_b
Quantum pub
_c
1973
090
_c
18337
_d
18337
942
_a
NUST-CAE
_c
M
_c
9266
999
_c
262621
_d
262621